| 000 | 00411nam a2200145Ia 4500 | ||
|---|---|---|---|
| 008 | 220216s9999 xx 000 0 und d | ||
| 100 | _aLim C L | ||
| 245 | 0 | _aRelationship between mooney measurements and die swell of natural rubber | |
| 260 |
_bJournal of Natural Rubber Research _c1990 |
||
| 300 | _a19-Sep | ||
| 650 | _aMooney measurements | ||
| 650 | _aNatural rubber | ||
| 700 | _aOng E L | ||
| 942 | _cJS | ||
| 999 |
_c66680 _d66680 |
||